000 00352nam a2200145Ia 4500
008 220803s9999 xx 000 0 und d
020 _a9789350097601
041 _aeng
082 _a712.36 MEN
100 _aMenon V
_925936
245 _aIndian Mammals : A Field Guide
260 _aGurgaon
_bHachette Books
_c2014
300 _a528p
500 _aARCHI
999 _c16632
_d16632